000 00921nas a2200313 4500
001 BR2012008506
003 BR-BrBNA
005 20231205121502.0
007 ta
008 230509b bl.|||p| |||| 00| 00por d
040 _aBR-BrBNA
_bpor
_cBiblioteca Nacional de Agricultura
041 _a(Pt)
072 _aF63
100 1 _aSouza, S.A.M.
100 1 _aMartins, K.C.
100 1 _aAzevedo, A.S. de
100 1 _aPereira, T.N.S.
245 1 _aFenologia reprodutiva do maracujazeiro-azedo no município de Campos dos Goytacazes, RJ
650 _aMARACUJÁ
650 _aFENOLOGIA
650 _aREPRODUÇÃO VEGETAL
650 _aFLORAÇÃO
650 _aTEMPERATURA
650 _aFRUTIFICAÇÃO
650 _aRIO DE JANEIRO
773 0 _tCiência Rural (Brazil)
_xISSN 0103-8478
_g(Oct 2012), v. 42(10) p. 1774-1780
_wBR2012008506
909 _a202311
_bLúcia
_c55
_dLúcia Elande
942 _2AGRIS
_n0
_cANA
999 _c223793
_d223793